00687nam a22002052 4500001001100000005001700011008004100028020001700069040001500086100003100101245013100132250001300263260004500276300001700321650004000338650003700378650003200415700003100447852000300478000001960320151217145918.0110112s xx 000 0 eng d a0273723431 : aKABUcKABU1 aFisher, Colin.@000017761410aResearch and writing a dissertation :ban essential guide for business students /cColin Fisher with John Buglear ...[et al.]. a3rd ed. aHarlow, England :bPrentice Hall,c2010. axii, 436 p. 0aDissertation, Academic.@0000148155 0aBusiness xResearch.@0000150667 0aReport writing.@00001520551 aBuglear, John.@00001788611